Perspektivy daně z nemovitostí

Charakteristika dane z nehnuteľnosti a jej význam. Posilnenie dane z nehnuteľnosti ako miestnej dane v Českej republike. Ekologické chápanie dane z nehnuteľnosti.

Uložené v:
Podrobná bibliografia
Hlavný autor: Láchová, Lenka
Médium: Kapitola
Jazyk:Czech
Predmet:
Tagy: Pridať tag
Žiadne tagy, Buďte prvý, kto otaguje tento záznam!

MARC

LEADER 00000naa a2200000 4500
001 r046572
005 20231003115324.5
041 0 |a cze 
044 |a CZ 
245 1 0 |a Perspektivy daně z nemovitostí  |c Lenka Láchová 
520 |a Charakteristika dane z nehnuteľnosti a jej význam. Posilnenie dane z nehnuteľnosti ako miestnej dane v Českej republike. Ekologické chápanie dane z nehnuteľnosti. 
610 2 0 |a dane z nehnuteľností 
610 2 0 |a Česko 
610 2 0 |a Európska únia 
610 2 0 |a ekológia 
610 2 0 |a sadzby daňové 
610 2 0 |a majetok hmotný 
100 1 |a Láchová, Lenka